مكتبة جامعة عجلون الوطنية

فهرس بحث المكتبة

تاريخ مدينة طليطلة (TOLEDDO: سلسلة دراسات في جغرافية وتاريخ مدن الاندلس، الكتاب الاول (Record no. 31078)

MARC details
000 -LEADER
fixed length control field 01160nam a2200241Ii 4500
003 - CONTROL NUMBER IDENTIFIER
control field JO-AjNU
008 - FIXED-LENGTH DATA ELEMENTS--GENERAL INFORMATION
fixed length control field 230605s9999||||xx |||||||||||||| ||und||
017 ## - COPYRIGHT OR LEGAL DEPOSIT NUMBER
Copyright or legal deposit number 2014/5/2204
020 ## - INTERNATIONAL STANDARD BOOK NUMBER
International Standard Book Number 978-9957-32-841-2
040 ## - CATALOGING SOURCE
Original cataloging agency JO-AjNU
Language of cataloging ara
Description conventions rda
Transcribing agency JO-AjNU
041 ## - LANGUAGE CODE
Language code of text/sound track or separate title ara
050 14 - LIBRARY OF CONGRESS CALL NUMBER
Classification number DP269.27.T6.A28 2015
100 3# - MAIN ENTRY--PERSONAL NAME
Personal name جمع وتأليف وتحقيق: ابوطعمة، ياسر سلامة,
Relator term author
9 (RLIN) 60928
245 00 - TITLE STATEMENT
Title تاريخ مدينة طليطلة (TOLEDDO: سلسلة دراسات في جغرافية وتاريخ مدن الاندلس، الكتاب الاول
250 ## - EDITION STATEMENT
Edition statement الطبعة الاولى
264 31 - PRODUCTION, PUBLICATION, DISTRIBUTION, MANUFACTURE, AND COPYRIGHT NOTICE
Place of production, publication, distribution, manufacture عمان: دار الحامد للنشر والتوزيع،2015
300 ## - PHYSICAL DESCRIPTION
Extent 278ص
Other physical details ويحتوي على خرائط وصور ملاحق و قائمة مراجع من ص237ص- 278ص
336 ## - CONTENT TYPE
Content type term text
Content type code txt
Source rdacontent
337 ## - MEDIA TYPE
Media type term unmediated
Media type code n
Source rdamedia
338 ## - CARRIER TYPE
Carrier type term volume
Carrier type code nc
Source rdacarrier
490 0# - SERIES STATEMENT
Series statement سلسلة دراسات في جغرافية وتاريخ مدن الاندلس الكتاب الاول
650 #4 - SUBJECT ADDED ENTRY--TOPICAL TERM
Topical term or geographic name entry element الاندلس - جغرافية وتاريخ - مدينة طليطلة - التاريخ
9 (RLIN) 60929
Holdings
Withdrawn status Lost status Source of classification or shelving scheme Damaged status Not for loan Home library Current library Shelving location Date acquired Total Checkouts Full call number Barcode Date last seen Price effective from Koha item type
    Library of Congress Classification     مكتبة جامعة عجلون الوطنية مكتبة جامعة عجلون الوطنية المجموعات العامة 06/06/2023   DP269.27.T6.A28 2015 A27510 06/06/2023 06/06/2023 Books